000 00399nam a2200169Ia 4500
001 5976
003 IN-NITTTR
005 20251114233014.0
008 251113s9999||||xx |||||||||||||| ||eng||
040 _beng
040 _cIN-NITTTR
041 _aeng
082 _a511.7 R139F
100 _aRalston, Anthony
245 2 _aA first course in numerical analysis /
_cRalston, Anthony
942 _2ddc
_cBK
999 _c8614
_d8614